Symposium on industrial statistics. [Papers.

Bibliographic Details
Corporate Authors: Symposium on Industrial Statistics Tehran, Iran, Central Treaty Organization
Format: Conference Proceeding Book
Language:English
Published: Ankara : Office of United States Economic Coordinator for CENTO Affairs, 1964]
Subjects:

MARC

Tag First Indicator Second Indicator Subfields
LEADER 00000cam a2200000 4500
001 in00000073256
005 20151008052515.0
008 710929s1964 tu c b 10010 eng
010 |a  75268059  
035 |a (OCoLC)00196387 
035 |9 AAH3650AM 
040 |a DLC  |c DLC  |d TXA  |d UtOrBLW 
043 |a aw----- 
049 |a TXAM  |c [469645] 
050 0 0 |a HA40.I6  |b S9 1964 
092 |a 339.23063  |b S989, 1964 
111 2 |a Symposium on Industrial Statistics  |d (1964 :  |c Tehran, Iran) 
245 1 0 |a Symposium on industrial statistics. [Papers. 
264 1 |a Ankara :  |b Office of United States Economic Coordinator for CENTO Affairs,  |c 1964] 
300 |a 323 pages :  |b group portraits ;  |c 27 cm. 
336 |a text  |b txt  |2 rdacontent 
337 |a unmediated  |b n  |2 rdamedia 
338 |a volume  |b nc  |2 rdacarrier 
504 |a Sponsored by the Central Treaty Organization. 
650 0 |a Industrial statistics  |x Congresses. 
710 2 |a Central Treaty Organization. 
999 |a MARS 
999 f f |s 02487810-b2c6-3306-8228-0c04936a49a1  |i 9bb95def-c403-30fe-92e8-1c26afe60593  |t 0 
952 f f |p ric  |a Texas A&M University  |b Rellis Campus  |c Joint Library Facility  |d Remote Storage  |t 0  |e HA40.I6 S9 1964  |h Library of Congress classification  |i unmediated -- volume  |m A14800777442 
998 f f |a HA40.I6 S9 1964  |t 0  |l Remote Storage